<?xml version="1.0" encoding="UTF-8"?>
<record
    xmlns:xsi="http://www.w3.org/2001/XMLSchema-instance"
    xsi:schemaLocation="http://www.loc.gov/MARC21/slim http://www.loc.gov/standards/marcxml/schema/MARC21slim.xsd"
    xmlns="http://www.loc.gov/MARC21/slim">

  <leader>01967nam a2200169   4500</leader>
  <controlfield tag="001">14032</controlfield>
  <controlfield tag="005">20260226151959.0</controlfield>
  <datafield tag="010" ind1=" " ind2=" ">
    <subfield code="a">9782487746305</subfield>
  </datafield>
  <datafield tag="090" ind1=" " ind2=" ">
    <subfield code="a">14032</subfield>
  </datafield>
  <datafield tag="099" ind1=" " ind2=" ">
    <subfield code="o">0</subfield>
  </datafield>
  <datafield tag="100" ind1=" " ind2=" ">
    <subfield code="a">20260226d        u||y0frey50      ba</subfield>
  </datafield>
  <datafield tag="200" ind1=" " ind2=" ">
    <subfield code="a">Panique ! L'ennemi int&#xE9;rieur</subfield>
    <subfield code="b">LIVR</subfield>
  </datafield>
  <datafield tag="214" ind1=" " ind2=" ">
    <subfield code="c">esse que</subfield>
  </datafield>
  <datafield tag="323" ind1=" " ind2=" ">
    <subfield code="a">12 personnages</subfield>
  </datafield>
  <datafield tag="330" ind1=" " ind2=" ">
    <subfield code="a">Quand on apprend la mort d&#x2019;un des rats de la cave, la panique s&#x2019;empare imm&#xE9;diatement des bourgeois, la rumeur se propage&#x2009;: il y aurait un ennemi int&#xE9;rieur. Cet ennemi ce serait d&#x2019;abord les rats gris qui s&#x2019;organisent et complotent sans nous pour nous massacrer dans notre sommeil. Et puis quand on les a &#xE9;limin&#xE9;s, en fait finalement l&#x2019;ennemi int&#xE9;rieur &#xE7;a pourrait &#xEA;tre n&#x2019;importe qui. Les discours se durcissent, la communaut&#xE9; bascule peu &#xE0; peu dans le fascisme.

Con&#xE7;ue pour &#xEA;tre jou&#xE9;e par 2 &#xE0; 15 acteurices, cette fable comique d&#xE9;ployant une langue inventive propose une lecture joueuse et gla&#xE7;ante de la mont&#xE9;e du fascisme, des mouvements de foule, de la soci&#xE9;t&#xE9; de surveillance et des m&#xE9;caniques qui construisent les paniques morales.

Romane Nicolas est une autrice et performeuse transf&#xE9;minine issue du d&#xE9;partement d&#x2019;&#xE9;criture dramatique de l&#x2019;ENSATT. Elle r&#xE9;pond &#xE0; de nombreuses commandes d&#x2019;&#xE9;criture et accompagne quantit&#xE9; d&#x2019;&#xE9;quipes en tant que dramaturge. Elle co-fonde plusieurs comit&#xE9;s de lecture, le Groupe Scalpel et Le P&#xF4;ticha &#xE9;ditions. Actuellement elle est artiste-satellite du Th&#xE9;&#xE2;tre Sorano &#x2013; Sc&#xE8;ne conventionn&#xE9;e. Par ailleurs, elle est cool.

Panique ! est une commande de Julia Vidit et du Th&#xE9;&#xE2;tre de la Manufacture, CDN Nancy Lorraine &#xE0; Romane Nicolas.
Le spectacle a &#xE9;t&#xE9; cr&#xE9;&#xE9; le 8 d&#xE9;cembre 2025 au Coll&#xE8;ge de la Craffe de Nancy dans le cadre d'une r&#xE9;sidence en coll&#xE8;ge soutenue par le d&#xE9;partement de Meurthe-et-Moselle et avec l'accompagnement du rectorat de l'acad&#xE9;mie
Nancy-Metz.</subfield>
  </datafield>
  <datafield tag="610" ind1=" " ind2=" ">
    <subfield code="a">soci&#xE9;t&#xE9;</subfield>
    <subfield code="a">politique</subfield>
  </datafield>
  <datafield tag="700" ind1=" " ind2=" ">
    <subfield code="a">Nicolas</subfield>
    <subfield code="b">Romane</subfield>
  </datafield>
  <datafield tag="995" ind1=" " ind2=" ">
    <subfield code="2">0</subfield>
    <subfield code="5">2026-02-26</subfield>
    <subfield code="9">13924</subfield>
    <subfield code="c">JOL</subfield>
    <subfield code="f">JOL-007733</subfield>
    <subfield code="k">TH NIC 12</subfield>
    <subfield code="n">2026-04-09</subfield>
    <subfield code="o">0</subfield>
    <subfield code="b">JOL</subfield>
    <subfield code="r">LIVR</subfield>
  </datafield>
</record>
